000 01109cam a2200241 4500
001 ABS66650
008 030430n2003 000 0 eng u
035 _a(Sirsi) u122143
100 _aSayers, J.
245 4 _aThe rural office market: a chartered surveyor's view
260 _c2003
490 _aFarmland Market
_v(59) Spring 2003, 10-11(2)
520 _aJulian Sayers RICS Rural Faculty Chairman offers his view on the rural office market, looking at the growth of farm and estate building conversions into commercial premises. Examines the increase in such schemes and the current slump in the office market generally which means that, more than ever, the success of any farm building conversion depends on location as well as the quality of premises offered.
590 _aABS
650 _aPROPERTY-COMMERCIAL PROPERTY-OFFICE PROPERTY-OFFICE PROPERTY MARKET
650 _aRURAL BUSINESSES
650 _aPROPERTY-COMMERCIAL PROPERTY
650 _aFARM BUILDINGS
650 _aBARN CONVERSION
650 _aRURAL DIVERSIFICATION
690 _aRURAL-FARM BUSINESS MANAGEMENT
942 _n0
999 _c72587
_d72587